| 000 | 00818nam a2200289 i 4500 | ||
|---|---|---|---|
| 001 | |||
| 003 | |||
| 005 | 20220407130904.0 | ||
| 008 | 890202s19uu sp spa | ||
| 040 |
_aBPMSU _bspa _cBPMSU _e |
||
| 080 | _a | ||
| 080 | _a | ||
| 080 | _a | ||
| 082 |
_a923.17291 _bC355S _222 |
||
| 100 | 1 |
_aSzulc, Tad _d1926-2001 _0 |
|
| 245 | 1 | 0 |
_aFidel : _h _bun retrato crítico / _cTad Szulc ; traducido por Ramón Garriga-Marquès ; Esteve Riambau. |
| 260 |
_aBarcelona _bGrijalbo, _c198-?] |
||
| 300 |
_a789 p. ; _c22 cm _b |
||
| 500 | _aIncluye índice | ||
| 504 | _aBibliografía: p. [769]-778 | ||
| 590 | _6Inventariado, 2022/VM | ||
| 600 | 1 | 7 |
_aCastro, Fidel _d1927-2016 _2embne |
| 651 | 7 |
_aCuba _xPolítica y gobierno _y1959- _2embne |
|
| 910 | _aVMateo V. | ||
| 942 |
_2ddc _cCF |
||
| 956 | _a1 2 | ||
| 999 |
_c14150 _d14150 |
||